Gaming Quiz

Random Gaming or NFL Quiz

Tecmo Super Bowl RBs Quiz Stats

 Plays Quiz Updated Feb 24, 2020

     
Support Sporcle.
Go Orange.
Score 0/28 Timer 06:00
6 Plays Today
Team Running Back % Correct
Dallas CowboysEmmitt Smith
84.2%
Buffalo BillsThurman Thomas
83.7%
Miami DolphinsSammie Smith
82.9%
New York JetsBlair Thomas
81%
Detroit LionsBarry Sanders
75.5%
Los Angeles RaidersBo Jackson
75%
New York GiantsOttis Anderson
60.1%
Chicago BearsNeal Anderson
59.8%
Tampa Bay BuccaneersGary Anderson
59.5%
San Francisco 49ersRoger Craig
56.7%
Kansas City ChiefsChristian Okoye
54%
Washington RedskinsEarnest Byner
42.4%
Phoenix CardinalsJohnny Johnson
42%
Houston OilersLorenzo White
35%
Team Running Back % Correct
Minnesota VikingsHerschel Walker
34.6%
Seattle SeahawksJohn L. Williams
30.4%
San Diego ChargersMarion Butts
28.1%
New Orleans SaintsCraig Heyward
24.6%
Cincinnati BengalsJames Brooks
22.9%
Pittsburgh SteelersMerrill Hoge
19.1%
Philadelphia EaglesKeith Byars
17.4%
Denver BroncosBobby Humphrey
17.2%
Cleveland BrownsEric Metcalf
17.2%
Atlanta FalconsMike Rozier
16.1%
Los Angeles RamsCleveland Gary
13.9%
New England PatriotsJohn Stephens
12.6%
Indianapolis ColtsAlbert Bentley
11.2%
Green Bay PackersKeith Woodside
7.7%

From the Vault

WWII Match-Up

by khands

History 6m
'In war: Resolution. In defeat: Defiance. In victory: Magnanimity. In peace: Good will.' -Winston Churchill
Remove Ads.
Support Sporcle.
Get the best of Sporcle when you Go Orange. This ad-free experience offers more features, more stats, and more fun while also helping to support Sporcle. Thank you for becoming a member.

Show Comments

Extras

Top Quizzes Today


Score Distribution

Your Account Isn't Verified!

In order to create a playlist on Sporcle, you need to verify the email address you used during registration. Go to your Sporcle Settings to finish the process.

Report this User

Report this user for behavior that violates our Community Guidelines.

Details: